000 00486nam a2200121Ia 4500
008 220620s9999||||xx |||||||||||||| ||und||
100 _aDeborah Edwards||Carmel Foley||Cheryl Malone
245 4 _aThe Power of Conferences: Stories of serendipity, innovation and driving social change
546 _aEnglish[eng]
650 _ainnovation||education||Conferences||knowledge exchange||collaboration||industry
856 _uhttps://epress.lib.uts.edu.au/books/power-conferences
942 _cEB
999 _c25720
_d25720